000
00411nam a22001697a 4500
003
MPLRDC
005
20220104142639.0
008
210129b ||||| |||| 00| 0 eng d
082
_a
448.6 CON
100
_a
F.R.康纳著
245
_a
电子器件
_c
260
_a
_b
科学出版社
_c
1985
300
_b
平
490
_a
无线电技术与通信专题介绍丛书
650
_a
942
_c
BK
_o
448.6 CON
999
_c
32574
_d
32564